Language Quiz

Random Language or Letter Quiz
Score 0/30 Timer 01:00
1 Play Today
3 letter set 3 letter word % Correct
ptatap
98%
ptapat
97.8%
reaare
95.6%
mraram
95.1%
ptaapt
93.2%
mramar
92.5%
trarat
92.5%
mraarm
92.2%
nwonow
91.8%
traart
90.9%
nwowon
89.8%
tratar
88.4%
reaear
87.8%
nwoown
85.9%
ptotop
85.2%
3 letter set 3 letter word % Correct
ptopot
84.1%
tsisit
83.9%
reaera
77.4%
ptoopt
76.9%
plalap
76.4%
tsitis
73%
plapal
71.4%
plaalp
70.2%
spisip
68.8%
tsiits
68.2%
borrob
66.2%
spipis
63.4%
bororb
59.4%
borbro
46.9%
spipsi
40.1%
Remove Ads.
Support Sporcle.
Get the best of Sporcle when you Go Orange. This ad-free experience offers more features, more stats, and more fun while also helping to support Sporcle. Thank you for becoming a member.

You're not logged in!

Compare scores with friends on all Sporcle quizzes.
OR
Log In

Show Comments

Extras

Top Quizzes Today


Score Distribution

Your Account Isn't Verified!

In order to create a playlist on Sporcle, you need to verify the email address you used during registration. Go to your Sporcle Settings to finish the process.

Report this User

Report this user for behavior that violates our Community Guidelines.

Details: